000 00687nam a2200241Ia 4500
003 OSt
005 20220927110402.0
006 a|||||r|||| 00| 0
007 ta
008 220926b |||||||| |||| 00| 0 eng d
024 _a63245
037 _cReports
040 _aRTL
_cRTL
_beng
041 _2eng
_aeng
082 _a"X6261.2.N8, M5"
100 _aSingh Ajit
_9377199
245 0 _aRira; development and banking in India
_b Theory an
260 _aNew
_bDelhi Deep and Deep India
_c1985
300 _a396p Bib p 387-92
_ccm.
650 _aCommercial Bank
_9377200
942 _h"X6261.2.N8, M5"
_cCC
999 _c696126
_d696126